000 00691cam a2200193 4500
001 BFIL009506
008 1951 spa
035 _aBFIL009506
050 4 _aPQ7296
_b.J6 C78 1951
100 1 _aCruz, Juana Inés de la, Sor 1651-1695
245 0 _aObras completas /
_cde Sor Juana Inés de la Cruz ; ed., prol. y notas de Alfonso Méndez Plancarte.
260 _aMéxico :
_bFondo de Cultura Economica,
_c1951
300 _a4 v. ;
_c22 cm.
440 0 _aBiblioteca Americana, Literatura Colonial
500 _a1 juego del V.1, 2, 3 y 4
650 4 _aLiteratura Mexicana
_xLirismo
_xSiglo XVII
700 1 _aMendez Plancarte, Alfonso,
_eed.
942 _2lcc
_cLIB
999 _c124443
_d124443